00981nam a2200265Ia 4500999001500000020001800015082001900033245007500052260002800127300001000155440002700165504003600192650003700228650004100265650005400306650004600360650005000406650005000456700002000506700002200526700002000548700002000568942000700588952012000595 c5735d5735 a0-415-39734-0 a306.60954 REL- 0aReligion and conflict in south and southeast Asia: disrupting violence aLondonbRoutledgec2007 ax,198 aAsian security studies aincludes bibliography and index aVoilencevCongresseszSouth Asia aVoilencevCongresseszSoutheast Asia aReligion and politicsvCongresseszSoutheast Asia aSouth AsiavSocial conditionsvCongresses aSoutheast AsiavCongressesvSocial conditions aReligion and politicsvCongresseszSouth Asia aGanguly, Sumit aSimon, Sheldon W. aScobell, Andrew aCady, Linell E. cBK 00104070aNASSDOCbNASSDOCd1899-12-31i2006-03-06l0o306.60954 REL-p43870r2019-04-18 00:00:00w2019-04-18yBK